जंगल में पाठशालाःबाल कहानी संग्रह / (Record no. 214540)

MARC details
000 -LEADER
fixed length control field 00935nam a22001937a 4500
005 - DATE AND TIME OF LATEST TRANSACTION
control field 20260128111010.0
010 ## - LCCN (DPL NO)
LC control number B-777931
020 ## - INTERNATIONAL STANDARD BOOK NUMBER
International Standard Book Number 9789394493810
Terms of availability 100.00
035 ## - SYSTEM CONTROL NUMBER
System control number B-777931
037 ## - SOURCE OF ACQUISITION
Source of stock number/acquisition उपहार
082 ## - DEWEY DECIMAL CLASSIFICATION NUMBER
Classification number
100 ## - MAIN ENTRY--PERSONAL NAME
Personal name सोनी,उषा
245 ## - TITLE STATEMENT
Title जंगल में पाठशालाःबाल कहानी संग्रह /
Remainder of title उषा सोनी
260 ## - PUBLICATION, DISTRIBUTION, ETC. (IMPRINT)
Place of publication, distribution, etc मध्य प्रदेश
Name of publisher, distributor, etc भव्या पब्लिकेशन
Date of publication, distribution, etc 2024
270 ## - ADDRESS
Address एल. जी. 42 , लोअर ग्राउंड, करतार आर्केड रायसेन रोड भोपाल,
City मध्यप्रदेश
Postal code 462023
300 ## - PHYSICAL DESCRIPTION
Extent 52 पृ.
Dimensions 24सेमी (सजिल्द)
Other physical details सचित्र
942 ## - ADDED ENTRY ELEMENTS (KOHA)
Source of classification or shelving scheme Dewey Decimal Classification
Item type Children Books
Classification part
Call number suffix सोमीउ
Holdings
Withdrawn status Lost status Not for loan Collection code Home library Current library Date acquired Source of acquisition Cost, normal purchase price Full call number Barcode Copy number Cost, replacement price Koha item type Public note
      Fiction Mobile Library Mobile Library 28/01/2026 उपहार/ 27.01.2026 100.00 क सोमीउ B-777932 1 100.00 Children Books उपहार

© Delhi Public Library
Hit Counter
free hit counter